Hidden Fruit & Veg - Statistics

General Stats
  • This quiz has been taken 39 times
  • The average score is 13 of 15
Answer Stats
Hint Answer % Correct
Mind the gap please sir Apple
100%
Stop each person from coming in Peach
96%
Do you think an atom a ton weight? Tomato
96%
Can you get Oban a natural harbour Banana
93%
Look Frank a scab bag enlarger Cabbage
89%
Despite the tempo Meg ran a terrible race Pomegranate
89%
Is the northern town of Redcar rotten? Carrot
85%
Cousin Lazlo ran German department Orange
85%
Can you spot a toe nail clipping Potato
85%
Excuse me can you help, lumbago alert Plum
81%
I hate long rap entertainment Grape
78%
Is that a rare table monkey I see? Lemon
78%
The iron I only know works slowly Onion
70%
Can I return I promise to behave myself Turnip
67%
Time to flee koala rampage Leek
63%
No matching quizzes found
Score Distribution
Percent of People with Each Score
Percentile by Number Answered
Your Score History
You have not taken this quiz